Ecological limits and economic development : (Record no. 74942)

MARC details
000 -LEADER
fixed length control field 00771nam a22002177a 4500
005 - DATE AND TIME OF LATEST TRANSACTION
control field 20130429161541.0
010 ## - LCCN (DPL NO)
LC control number ENG-106940
020 ## - INTERNATIONAL STANDARD BOOK NUMBER
International Standard Book Number 9780198081654
Terms of availability 1250.00
020 ## - INTERNATIONAL STANDARD BOOK NUMBER
International Standard Book Number 0198081650
Terms of availability 1250.00
035 ## - SYSTEM CONTROL NUMBER
System control number EN-90473
037 ## - SOURCE OF ACQUISITION
Source of stock number/acquisition DBAD/PUB
082 04 - DEWEY DECIMAL CLASSIFICATION NUMBER
Classification number 333.7
Edition number 23
100 1# - MAIN ENTRY--PERSONAL NAME
Personal name Sengupta, Ramprasad.
245 10 - TITLE STATEMENT
Title Ecological limits and economic development :
Remainder of title creating space /
Statement of responsibility, etc by Ramprasad Sengupta
260 ## - PUBLICATION, DISTRIBUTION, ETC. (IMPRINT)
Place of publication, distribution, etc New Delhi
Name of publisher, distributor, etc Oxford University Press
Date of publication, distribution, etc 2013
270 ## - ADDRESS
Address YMCA Library Building, 1 Jai Singh Road
City New Delhi
Postal code 110001
300 ## - PHYSICAL DESCRIPTION
Extent xxvi, 365 p.
Dimensions 25cm(Hb)
500 ## - GENERAL NOTE
General note Includes bibliographical references (pages 342-355) and index.
650 #0 - SUBJECT ADDED ENTRY--TOPICAL TERM
Topical term or geographic name as entry element Economic development
General subdivision Environmental aspects.
942 ## - ADDED ENTRY ELEMENTS (KOHA)
Source of classification or shelving scheme Dewey Decimal Classification
Item type English Books
Classification part 333.7
Call number suffix SEN
Holdings
Withdrawn status Lost status Not for loan Collection code Home library Current library Date acquired Source of acquisition Cost, normal purchase price Full call number Barcode Copy number Cost, replacement price Koha item type
    Not For Loan Non-fiction D.B.Act.Division D.B.Act.Division 29/04/2013 DBAD/PUB 1250.00 333.7 SEN EN-90473 1 1250.00 English Books

© Delhi Public Library
Hit Counter
free hit counter